[Event "Tatran Cup"]
[Site "Stary Smokovec"]
[Date "1990.??.??"]
[Round "4"]
[White "Pavlovic, Milos"]
[Black "Fominyh, Alexander"]
[Result "1/2-1/2"]
[WhiteElo "2465"]
[BlackElo "2530"]
[Annotator "Ribli,Z"]
[PlyCount "116"]
[EventDate "1990.??.??"]
[EventType "tourn"]
[EventRounds "11"]
[EventCountry "CSR"]
[EventCategory "10"]
[SourceTitle "CBM 021"]
[Source "ChessBase"]
[SourceDate "1991.04.01"]
[SourceVersion "1"]
[SourceVersionDate "1991.04.01"]
[SourceQuality "1"]

1. c4 c5 2. Nc3 g6 3. g3 Bg7 4. Bg2 Nc6 5. Nf3 e6 6. a3 Nge7 7. b4 Nxb4 (7...
cxb4 8. axb4 Nxb4 9. Ba3 $146) 8. axb4 cxb4 9. Ne4 Bxa1 10. Qa4 $5 (10. Nd6+
Kf8 11. Qa4 Bf6 12. Qxb4 Qb6 13. Qa3 $146 {Sunye-Ghizdavu USA 1978 25/87})
10... Bg7 11. Nd6+ Kf8 12. Qxb4 Kg8 $5 13. Ng5 Nc6 14. Bxc6 Qxg5 15. Bf3 h5 16.
h4 Qd8 17. c5 $146 a5 18. Qa4 Rb8 19. Nxf7 $1 Kxf7 20. Qf4+ Qf6 21. Qxb8 Qe5
22. Qxe5 Bxe5 23. e3 $14 Bc7 24. Bb2 Rh7 25. O-O b5 26. cxb6 Bxb6 27. Bc3 d5
28. Rb1 Bc7 29. Ra1 Bd7 30. Bxa5 Be5 31. Rc1 (31. Rb1 $5) 31... Rh8 32. d4 Bd6
33. e4 dxe4 34. Bxe4 Rb8 35. Rc3 Be8 36. Rf3+ Ke7 37. Bd2 Rc8 38. Bg5+ Kd7 39.
Bf6 Rc1+ 40. Kg2 Re1 41. Re3 Rc1 42. Re2 Be7 43. Be5 Bd6 44. Rc2 Rxc2 45. Bxc2
Ba3 46. Bf6 Kd6 47. g4 Bb4 48. Kg3 Be1 49. g5 Ba5 50. Be4 Be1 51. Bd8 Bd2 52.
Bb6 Ke7 53. Bc5+ Kf7 54. d5 exd5 55. Bxd5+ Kg7 56. Bd4+ Kf8 57. f4 Bd7 58. Be4
Kf7 1/2-1/2

[Event "Nettetal"]
[Site "Nettetal"]
[Date "1992.02.11"]
[Round "6"]
[White "Winants, Luc"]
[Black "Moiseev, Viktor"]
[Result "0-1"]
[WhiteElo "2515"]
[BlackElo "2480"]
[Annotator "Ribli,Z"]
[PlyCount "52"]
[EventDate "1992.02.06"]
[EventType "tourn"]
[EventRounds "11"]
[EventCountry "GER"]
[EventCategory "9"]
[SourceTitle "CBM 028"]
[Source "ChessBase"]
[SourceDate "1992.06.01"]
[SourceVersion "1"]
[SourceVersionDate "1992.06.01"]
[SourceQuality "1"]

1. c4 c5 2. g3 g6 3. Bg2 Bg7 4. Nc3 Nc6 5. a3 d6 6. Nf3 (6. e3 Bxc3 $5 7. bxc3
Qc7 8. d3 f5 9. Nh3 e5 10. O-O Nf6 $13 {Seirawan,Y-Andersson,U Tilburg 1990
CBM/20}) (6. Rb1 Nf6 $6 (6... a5 $5) 7. Nh3 Nh5 8. d3 O-O 9. Nf4 Nxf4 10. Bxf4
h6 11. Qc1 Kh7 12. b4 $14 {Chernin-Pekarek Praha 1989 48/51}) 6... Nh6 $1 7. d3
Nf5 8. Bd2 O-O 9. h4 h5 10. Ng5 Bd7 11. Rb1 a5 12. Nce4 (12. O-O $10) 12... Ne5
13. b4 $6 (13. O-O $5) 13... axb4 14. axb4 Ba4 15. Qc1 Nd4 16. Rb2 (16. bxc5
Nb3 17. Rxb3 Bxb3 18. O-O Ra1 $1 19. Qxa1 Nf3+ 20. Bxf3 Bxa1 21. Rxa1 d5 $1 $17
) 16... Bc2 $1 17. f4 (17. Rxc2 Ra1 $19) 17... Bxd3 18. Bc3 (18. fxe5 Nxe2 19.
Qd1 Bxe5 $17) 18... Bxe4 19. Bxe4 Nxc4 20. Rb1 d5 $1 $19 21. Bd3 Na3 22. Bxd4
Bxd4 23. Rb3 Nc4 24. Bb1 cxb4 25. f5 Qb6 26. Rf1 Bc3+ 0-1

[Event "Bern op"]
[Site "Bern"]
[Date "1992.??.??"]
[Round "6"]
[White "Csom, Istvan"]
[Black "Cramling, Pia"]
[Result "0-1"]
[WhiteElo "2490"]
[BlackElo "2530"]
[Annotator "Ribli,Z"]
[PlyCount "90"]
[EventDate "1992.02.??"]
[EventType "swiss"]
[EventRounds "9"]
[EventCountry "SUI"]
[SourceTitle "CBM 028"]
[Source "ChessBase"]
[SourceDate "1992.06.01"]
[SourceVersion "1"]
[SourceVersionDate "1992.06.01"]
[SourceQuality "1"]

1. c4 {Ernst} c5 2. Nf3 Nc6 3. g3 e5 4. Nc3 g6 5. Bg2 Bg7 6. a3 a5 7. d3 (7. d4
$5 cxd4 8. Nb5 d6 9. e3 Bg4 (9... Nge7 $5 10. exd4 exd4 11. Nfxd4 Nxd4 12. Nxd4
O-O 13. O-O d5 14. cxd5 Nxd5 15. Nb3 Nb6 16. Qxd8 Rxd8 17. Nc5 {remis Winants,
L-Polgar,J Wijk-B 1990 CBM/17}) 10. h3 Bxf3 11. Bxf3 Nge7 12. exd4 exd4 13. Bf4
Be5 14. Bh6 Nf5 15. Qd2 $1 $146 {Miles-Kudrin Los Angeles 1991  53/58}) 7...
Nge7 8. O-O d6 9. Bd2 (9. Bg5 f6 10. Bd2 O-O 11. Ne1 Be6 12. Nc2 d5 13. cxd5
Nxd5 14. Nxd5 (14. Ne3 $5) 14... Bxd5 15. Bxd5+ Qxd5 16. Ne3 Qe6 $13 {Gausel,
E-Cramling,P Stockholm 1990 CBM/22}) 9... O-O 10. Rb1 (10. Ne1 {Ernst /\
Ne1-c2-e3-d5, b2-b4} Be6 11. Nc2 d5 $1 $10) 10... Rb8 $5 (10... h6 11. Qa4 Bd7
12. Rfc1 Nd4 13. Qd1 a4 14. Nxd4 exd4 15. Nd5 Nxd5 16. Bxd5 Qc7 17. b4 $14 {
Csom,I-Schmittdiel,E Budapest Noviki-A CBM/19}) 11. Qa4 Bg4 $5 (11... Bd7 12.
Rfc1 Nd4 (12... Na7 {Ernst} 13. Qd1 b5) 13. Qd1 Ne6 14. b4 $14 {Gronn,
A-Bergstrom,R Gausdal International 1991 CBM/25}) (11... h6 {Ernst} 12. Rfc1
Be6 13. Ne1 Qd7 14. Nc2 Bh3 15. Bh1 $6 f5 $40 {Maric,A-Cramling,P/Belgrad m/
1988/}) 12. Nb5 (12. Rfc1 Qd7 $13 (12... Nd4 {Ernst} 13. Nxd4 exd4 {e2 fällt}))
(12. h3 Bd7 $1 $13 (12... Bd7 {Ernst} 13. Rfc1 Nd4 14. Qd1 Nxf3+ 15. exf3 (15.
Bxf3 Bxh3))) 12... Qd7 13. Qc2 Rfe8 (13... b6 $5) 14. Rfc1 b6 (14... d5 {Ernst}
15. cxd5 Nxd5 16. Qc4 $5 {/\ Nf3-g5} (16. Qxc5 Nd4)) 15. e4 (15. b4 $1 {Ernst})
15... Rf8 (15... f5 {Ernst} 16. h3 $1) 16. Ne1 Bh3 17. f3 (17. Bxh3 {Ernst}
Qxh3 18. Nxd6 Nd4 19. Qd1 f5 $40) 17... Bxg2 18. Nxg2 (18. Kxg2 $5 {Ernst})
18... Qh3 19. Rf1 (19. Nxd6 $2 Nd4 20. Qd1 Rbd8 (20... Qd7 {Ernst} 21. Nb5 Nxb5
22. cxb5 Qxd3 23. a4 Rbd8 $17) 21. Nb5 Nxb5 22. cxb5 Rxd3 $17) 19... f5 20. Bc3
(20. Nxd6 $2 Nd4 21. Qd1 Rbd8 22. Nb5 Nxb5 23. cxb5 Rxd3 $17) 20... f4 $1 21.
gxf4 (21. g4 $1 {Ernst}) 21... exf4 22. Bxg7 (22. Nxd6 {Ernst} Nd4 23. Bxd4
Bxd4+ 24. Kh1 g5 25. Nb5 Nc6 $40) 22... Kxg7 23. Qc3+ (23. Nxd6 {Ernst} Nd4 24.
Qc3 Kg8 $19) 23... Kg8 24. d4 (24. Nxd6 Nd4 $17) (24. Rf2 {Ernst}) 24... g5 25.
d5 g4 $1 26. fxg4 (26. dxc6 g3 27. hxg3 fxg3 $19) (26. Ne1 $5 {Ernst} Ne5 27.
Nxd6 (27. Rf2 $2 g3 28. Rg2 $2 N7g6 29. Nxd6 Nh4 30. Qxe5 Qxg2+ $1 31. Nxg2
Nxf3+ 32. Kh1 Nxe5) 27... g3 28. Qc2 Rf6 $17 {/\ ...Nd6xc4}) 26... f3 27. Rf2 (
27. Ne3 {Ernst} f2+ 28. Kh1 Rf3 $19 29. dxc6 Rxe3 30. Qf6 Rf8) (27. Ne1 {Ernst}
Ne5 28. Nxd6 Nxg4 29. Nxf3 Rxf3 $1 30. Rxf3 Qxh2+ 31. Kf1 Qxd6 $17) 27... Nd4
$1 (27... fxg2 $2 {Ernst} 28. Qxh3) 28. Nxd4 (28. Rbf1 {Ernst} Ne2+ 29. Rxe2
fxe2 30. Rxf8+ Rxf8 31. Qxh3 Rf1#) (28. Nxd6 {Ernst} Qh6 {/\ ...f3xg2}) (28.
Re1 {Ernst} Ng6 {/\ ...Qxg4}) 28... cxd4 29. Qxd4 (29. Qd3 {Ernst} Ng6 {
/\ ...Ng6-e5}) 29... fxg2 30. Rxg2 Ng6 $19 31. Rg3 Qh4 32. Qe3 Ne5 33. Qe2 Rf4
34. Rf1 Rbf8 35. Rxf4 Rxf4 36. Kg2 Rxg4 37. b3 Rxg3+ 38. hxg3 Qg5 39. Qf2 Qg4
40. Qxb6 (40. Qf4 {Ernst} a4 $1) 40... Qxe4+ 41. Kg1 Qe1+ 42. Kg2 Qe2+ 43. Kh3
(43. Qf2 {Ernst} Qxf2+ 44. Kxf2 a4 $1) 43... Qf1+ 44. Kh4 Qf5 45. Qd8+ Kg7 0-1

[Event "Ciocaltea Memorial"]
[Site "Bucharest"]
[Date "1999.03.10"]
[Round "7"]
[White "Aronian, Levon"]
[Black "Milu, Romeo Sorin"]
[Result "1/2-1/2"]
[WhiteElo "2502"]
[BlackElo "2395"]
[Annotator "Ribli,Z"]
[PlyCount "90"]
[EventDate "1999.03.04"]
[EventType "tourn"]
[EventRounds "13"]
[EventCountry "ROU"]
[EventCategory "10"]
[SourceTitle "CBM 070"]
[Source "ChessBase"]
[SourceDate "1999.06.08"]
[SourceVersion "1"]
[SourceVersionDate "1999.06.08"]
[SourceQuality "1"]

{[%mdl 2112]} 1. g3 c5 2. Bg2 Nc6 3. Nf3 (3. e4 $5 {Kortschnoj spielte diesen
starken Zug gegen Karpov in Baguio 1978 (11.Partie). Wir haben eigentlich eine
Sizilianische Verteidigung, aber dort kann Schwarz nach 1.e4 c5 2.g3 d5!
spielen. Ribli.}) 3... g6 4. c4 Bg7 5. Nc3 e6 6. d4 $5 {Ein interessantes
zeitweiliges Bauernopfer.} cxd4 (6... Nxd4 7. Nxd4 cxd4 8. Nb5 $1 $44 {Chernin,
A-Wolff,P/New York-op/1989/CBM12/}) 7. Nb5 d5 8. cxd5 exd5 {Das ist die
einfache Antwort. Die Alternative führt zu unklaren Komplikationen.} (8... Qa5+
9. Nd2 $1 (9. Qd2 Qxb5 10. dxc6 Ne7 $1 11. Nxd4 Qb6 12. cxb7 Bxb7 13. Bxb7 Qxb7
14. Nf3 $8 O-O 15. O-O Rfd8 16. Qa5 (16. Qc2 Rac8 17. Qb3 Rd7 18. Qxb7 Rxb7 19.
Rd1 Nd5 20. Nd4 Rc4 21. Nb3 Rb5 22. Rd3 {1/2-1/2 Soppe,G-Slipak,S/Pena City
1996/CBM 55 ext (22)}) 16... Nc6 17. Qa4 Rd5 18. Rb1 a5 19. Be3 Rb5 20. Rfc1
Rb8 21. b3 Ne7 22. Rc2 Nd5 {0-1 Foisor,O-Ungureanu,E/Tusnad 1997/EXT 99 (35)})
9... exd5 10. a4 (10. Nd6+ Ke7 11. Nxc8+ Rxc8 12. O-O Nf6 13. b4 Nxb4 14. Nb3
Qa6 15. Nxd4 Ne4 16. Bxe4 dxe4 17. Bg5+ Kf8 18. Rc1 Rxc1 19. Ne6+ fxe6 20. Qd8+
Kf7 21. Qe7+ Kg8 22. Rxc1 Nc6 23. Qe8+ Bf8 24. Bh6 Qa3 25. Qxe6# {1-0 McNab,
C-Coleman,D/Eastbourne 1990/EXT 97 (25)}) 10... Nf6 11. Nd6+ Ke7 12. b4 $3 Nxb4
13. Ba3 Qc5 14. Nb5 Kd8 15. Nb3 Qe7 16. Qd2 a5 17. Nxa5 Bf8 18. O-O Rxa5 19.
Qxd4 Ra6 20. Rac1 Bd7 21. Qf4 {1-0 McNab,C-Markowski,T/Koszalin 1997/CBM 59
ext (21)}) 9. O-O Nge7 10. Nbxd4 O-O {Schwarz hat einen isolierten Bauern,
aber er kontrolliert stark das Feld d4 und sein Läufer g7 steht aktiv.} 11. Bg5
$6 {Dieser Zug ist scheinbar aktiv, aber es wäre wichtiger, das Feld d4 zu
sichern.} (11. Be3 Re8 12. Rc1 $5 (12. Re1 Bg4 (12... Nf5 13. Nxf5 Bxf5 14. Nd4
Be4 15. Rc1 Bxg2 16. Kxg2 Qd7 $11) 13. Qd2 (13. Qa4 Qd7 14. Nxc6 Nxc6 15. Qb5
d4 16. Rad1 Rad8 17. Bg5 Rc8 {0-1 Foisor,O-Lesiege,A/Hyeres 1992/TD (55)})
13... Bxf3 14. Nxc6 bxc6 15. Bxf3 Nf5 16. Bc5 Qf6 17. Rab1 Nd6 18. Bxd6 Qxd6 {
1/2-1/2 Vaulin,A-Ulibin,M/Nizhnij Tagil 1998/EXT 99 (71)}) (12. Qd2 Nf5 13.
Nxc6 bxc6 14. Bf4 Nd6 15. Bxd6 Qxd6 16. Rac1 a5 17. e3 Bd7 18. Nd4 a4 19. Rfd1
Rab8 20. Qc2 Rb6 21. b3 Reb8 22. e4 Qb4 23. Ne2 axb3 24. axb3 d4 25. Qd2 Qxd2
26. Rxd2 Rxb3 27. Nxd4 Rb1 28. Ne2 Bg4 29. f3 Bh6 30. Rd8+ Rxd8 31. Rxb1 Be3+
32. Kf1 Be6 33. Ke1 c5 34. Nf4 Bd2+ 35. Kf2 Bxf4 36. gxf4 Rd2+ 37. Kg3 c4 38.
Rc1 Rb2 39. Bh3 Bxh3 40. Kxh3 Rb4 41. Kg3 Kf8 42. Kf2 Ke7 43. Ke3 Rb3+ 44. Ke2
Rb2+ 45. Ke3 Rxh2 46. Rxc4 h5 47. Rc7+ Kf8 48. Rc5 h4 {1/2-1/2 Ledger,A-Ward,C/
ENG 1992/CBM 30 ext (48)}) 12... Nf5 13. Nxf5 Bxf5 14. Qd2 (14. Rc5 d4 15. Nxd4
Bxd4 16. Rxc6 Bxe3 17. Rd6 Qe7 {1/2-1/2 Nogueiras,J-Barbero,G/Thessaloniki
1984/EXT 97-B (33)}) 14... d4 (14... Be4 $5) 15. Bh6 Bh8 16. Ng5 Ne5 17. h3 Qb6
18. g4 Be6 19. b3 Rad8 20. Nxe6 Rxe6 21. Rfd1 Nc6 {1-0 Adianto-Gheorghiu/Biel
op, SW 1998 (45)}) 11... Qb6 $1 12. Nxc6 $6 (12. Bxe7 Nxe7 13. Qd2 Bg4 $11)
12... Nxc6 13. Qxd5 Qxb2 $15 {[%csl Gb2][%cal Gg7a1] Wir haben eine Stellung,
die für die Grünfeld-Indische Verteidigung typisch ist. Dank seines Läufers
auf g7 hat Schwarz die Initiative.} 14. Qc4 (14. Rab1 Qxe2 15. Rfe1 Qa6 16. Bf1
$15) 14... Be6 15. Qh4 (15. Qa4 Qxe2 16. Rfe1 Qc4 17. Qxc4 Bxc4 18. Rab1 Ba6
$17) 15... Qxe2 (15... Bxa2 16. Bh6 $44) 16. Rfe1 Qc4 17. Re4 (17. Qxc4 Bxc4
18. Rab1 Ba6 $17) 17... Qxe4 $5 {Weiß gibt die Dame für zwei Türme.} (17... Qd3
18. Rae1 Bxa2 19. Bf6 Bxf6 20. Qxf6 Qd8 $17) 18. Qxe4 Bxa1 19. Qb1 {[%cal
Rb1a1,Rb1b7]} Bg7 20. Qxb7 Nd4 (20... Rfc8 $17 {Die Stellung ist materiell
gleich, aber die zwei Türme sind hier wertvoller als die Dame.}) 21. Nxd4 Bxd4
22. Qe4 (22. Qxa8 Rxa8 23. Bxa8 Bxa2 $19 {[%csl Ga7] Und Schwarz muß mit dem
a-Freibauern gewinnen.}) 22... Rab8 23. h4 (23. Qxd4 Rb1+ 24. Bf1 Bh3 $19 {
[%csl Rf1,Rg1]}) 23... Rb4 {[%cal Rd4f2,Rb4e4]} 24. Kh2 {[%cal Rg5e7,Rf8b4,
Re7f8]} Bc5 (24... Bxa2 $5 25. Bd2 (25. Be7 Re8 $19 (25... Bc5 26. Qe5 Bxe7 27.
Qxe7 a5 $17)) 25... Bc3 26. Qc2 Bxd2 27. Qxa2 Rd4 28. Qxa7 Rfd8 $17 {Schwarz
hat den einfachen Plan, den weißen Bauern f2 anzugreifen. Weiß ist ohne
Gegenspiel.}) 25. Qe5 Rc8 (25... Bxf2 $2 26. Bh6 Bd4 27. Qd6 {[%cal Rd6b4,
Rd6f8]} Rfb8 28. a3 $18 {[%csl Rb4]}) 26. Bd2 Bd4 (26... Ra4 27. Bc3 Kf8 28.
Bb7 $18) 27. Qf4 Bc3 28. Qe3 Bxd2 29. Qxd2 Ra4 {Die weiße Stellung wirkt
kritisch. Der bauer a2 hängt und ohne Läufer wäre das Endspiel auch schwierig.}
30. Bd5 Bxd5 (30... Rd8 31. Qc2) 31. Qxd5 {Schwarz steht in diesem Endspiel
etwas besser, denn seine theoretische Drohung ist, z.B. einen Bauern zweimal
angreifen und wenn die Dame und der König ihn dann verteidigen, nimmt Schwarz
trotzdem und erreicht ein gewonnenes Bauernendspiel.  Aber die
Remiswahrscheinlichkeit ist trotdem sehr hoch. Ein ähnliches Endspiel war in
der Schnellpartie Karpov - Polgar,J, Budapest RapidWettkampf 3.Partie (Weiß:
Kg1,Rb1,Rc1,Pa2,Pf2,Pg2,Ph3; Schwarz: Kg8,Qe4,Pa7,Pf7,Pg6,Ph7). Letzlich
konnte Karpov eine Gewinnstellung erreichen, aber überschritt die Zeit.} h5 (
31... Rac4 32. h5 $5 R4c5 33. Qb7 Rxh5+ 34. Kg2 Rc2 35. Qxa7 Rf5 36. a4 $11)
32. Qd7 $1 $11 {[%csl Gd7] Die Dame steht aktiv. Schwarz kann daher nicht
gleichzeitig den a7-Bauern verteidigen,die Türme verbinden und das Dauerschach
verhindern.} Rcc4 33. Qe8+ Kg7 34. Qe5+ Kf8 35. Qh8+ {Schwarz hat kein
Schlupfloch, Weiß gibt Dauerschach.} Ke7 36. Qe5+ Kd8 37. Qd5+ {[%cal Rd5f7,
Rd5d8]} Ke7 38. Qe5+ Kf8 39. Qh8+ Ke7 40. Qe5+ Kf8 41. Qb8+ (41. Qh8+ $11)
41... Kg7 42. Qe5+ Kh7 43. Qe8 Kg7 44. Qe5+ Kh7 45. Qe8 Kg7 {Und endlich wurde
Remis gegeben.} 1/2-1/2

[Event "Saintly Cup"]
[Site "Sydney"]
[Date "1999.01.29"]
[Round "7"]
[White "Johansen, Darryl Keith"]
[Black "Oral, Tomas"]
[Result "0-1"]
[WhiteElo "2490"]
[BlackElo "2521"]
[Annotator "Ribli,Z"]
[PlyCount "74"]
[EventDate "1999.01.22"]
[EventType "tourn"]
[EventRounds "9"]
[EventCountry "AUS"]
[EventCategory "10"]
[SourceTitle "CBM 070"]
[Source "ChessBase"]
[SourceDate "1999.06.08"]
[SourceVersion "1"]
[SourceVersionDate "1999.06.08"]
[SourceQuality "1"]

{[%mdl 36]} 1. Nf3 c5 2. c4 Nc6 3. Nc3 e5 {Schwarz hat keine Angst vor der
Schwächung des Feldes d5 und möchte mit folgendem ...Nge7 seine Entwicklung
elastisch beenden. Ribli.} 4. g3 g6 5. Bg2 Bg7 6. O-O (6. d3 {Das ist eine
andere interessante weiße Möglichkeit. Statt der Rochade strebt er sofort nach
d5.} Nge7 7. Nd2 d6 8. Nf1 Be6 9. Ne3) 6... Nge7 7. d3 O-O 8. Ne1 {[%csl Yd5]
[%cal Ge1c2,Gc2e3,Ge3d5] Der weiße Springer strebt nach d5.} d6 9. Nc2 Be6 10.
Ne3 Qd7 11. Ned5 {Auf ersten Blick kann Weiß zufrieden sein. Er kontrolliert
das Feld d5, das aber die einzige Schwäche der schwarzen Stellung ist.} (11.
Ncd5 Bh3 12. Nxe7+ Nxe7 13. Rb1 Bxg2 14. Kxg2 f5 15. f3 f4 16. Ng4 Nf5 17. b4
b6 18. Qe1 h5 19. Nf2 Bh6 20. Rg1 Kh7 {0-1 Karkus,K-Pavlin,V/Budapest 1996/EXT
99 (46)}) (11. a3) 11... Bh3 12. Ne4 (12. Rb1 Bxg2 13. Kxg2 Nxd5 14. Nxd5 (14.
cxd5 Ne7 15. Bg5 Nf5 16. b4 Rac8 17. Ne4 f6 18. Be3 b6 19. Qb3 h6 20. a4 Nxe3+
21. fxe3 f5 22. Nc3 h5 {0-1 Granda Zuniga,J-Spangenberg,H/Buenos Aires 1993/
CBM 35 (35)}) 14... Ne7 15. Nxe7+ Qxe7 16. b4 f5 17. bxc5 dxc5 18. Qb3 b6 19.
Qb5 Rad8 20. Kg1 e4 21. dxe4 Qxe4 22. Be3 h6 {0-1 Teijeiro,B-Granados Gomez,M/
Torrevieja 1997/CBM 60 ext (32)}) (12. a3 Bxg2 13. Kxg2 Nxd5 14. Nxd5 Ne7 (
14... Rab8 15. b4 cxb4 16. axb4 b5 17. e4 f5 18. cxb5 Rxb5 19. Qa4 Rfb8 20. Bd2
R5b7 21. Rfc1 {1-0 Hulak,K-Sermek,D/Medulin 1997/EXT 99 (29)}) (14... f5 15.
Rb1 Rae8 16. f3 Ne7 17. Nxe7+ Rxe7 18. e4 f4 19. g4 Bf6 {0-1 Hartoch,R-Timman,
J/Wijk aan Zee 1971/MCL (64)}) 15. e4 Nxd5 16. cxd5 a5 17. Bd2 b5 18. b4 cxb4
19. axb4 a4 20. Qe2 Rfc8 21. Ra2 Rc7 {1/2-1/2 Petek,P-Gonzalez,P/Medellin 1996/
Juniors (21)}) 12... Nxd5 13. Bxh3 (13. cxd5 Ne7 {Das ist nur Zugumstellung
zur Partiefortsetzung.} (13... Bxg2 14. dxc6 Qxc6 15. Kxg2 f5 $5)) 13... Qxh3
14. cxd5 Ne7 15. Nxd6 (15. Qb3 Qd7 16. Bg5 (16. Bh6 Nf5 17. Bxg7 Kxg7 18. a4 (
18. f4 Nd4 19. Qd1 exf4 20. Rxf4 f5 21. Nc3 Rae8 {0-1 Portugues,R-Llanes
Hurtado,M/Los Barrios 1995/EXT 98 (30)}) 18... Nd4 19. Qd1 Rad8 20. e3 Nf5 21.
Nc3 a6 22. a5 Qc7 23. Qa4 Ne7 24. Nd1 Qd7 $13 {Shumiakina,T-Teodorescu,M/
Bucharest 1993/EXT 99}) 16... f6 17. Bd2 Nf5 18. e3 Rae8 19. a4 Nh6 20. Qb5 Qe7
21. f4 Nf7 22. a5 f5 23. Nf2 a6 24. Qb6 g5 25. Rae1 Qd7 $13 {0-1 Sandkamp,
R-Heyken,E/BL8788 1988/GER-chT (34)}) (15. Nc3 f5 $15) 15... Qd7 16. Ne4 Qxd5
$11 {Schwarz kontrolliert mit seinen Bauern c5 und e5 das Zentrum, aber sein
Läufer ist noch nicht aktiv.} 17. Bh6 {Weiß kann so die Läufer tauschen, denn
17...Bxh6 geht nicht wegen 18.Nf6+.} (17. Qc2 b6 $11) (17. Qb3 $6 Qxb3 18. axb3
b6 $15) 17... Nc6 (17... b6 $11) 18. Rc1 b6 19. a3 Rad8 {[%csl Yd4] In solchen
Stellungen ist das Feld d4 eine positionelle Schwäche. Weiß hat zwar keine
schweren Probleme, kann sich aber keine Hoffnung auf aktives Spiel machen.} 20.
Bxg7 (20. Nc3 Qd7 (20... Qe6)) 20... Kxg7 21. Qa4 {[%cal Gc1c6,Ga4c6,Rb2b4]} a5
$15 {Schwarz verhindert den Zug 22.b4.} 22. Rfe1 f5 23. Nc3 Qd6 (23... Qe6) 24.
e3 $5 {Weiß schwächt freiwillig den d3-Bauern, aber verteidigt sich gegen ...
Nd4.} Rf6 {Jetzt hängt d3, denn der Springer auf c6 ist zusätzlich verteidigt.
Später kann Schwarz ...Rf6-d6 spielen.} 25. Qb3 {[%csl Rb6]} Qb8 (25... Qxd3 $6
26. Qxb6 $14) 26. Red1 h5 27. Nd5 (27. h4) 27... a4 28. Qa2 Rfd6 {[%cal Gd8d1]}
29. Nc3 (29. e4 $6 Nd4 $17 {[%csl Gd4]}) 29... Rxd3 (29... b5 $15) 30. Rxd3
Rxd3 31. Nxa4 h4 $6 (31... Qd8 $15) 32. gxh4 $2 (32. Qc4 $1 e4 33. Qb5 $132 {
Schwarz entfaltet gefährliche Initiative am Königsflügel, aber jetzt hängt b6
und nach 33...Ne5 kommt 34.Nxc5.}) 32... e4 $17 33. Rc3 $2 (33. Qe6 Rd6 34. Qb3
Ne5 35. Kg2 (35. Qc3 Rd3 $19) 35... Nf3 $17) 33... Rd1+ 34. Kg2 Ne5 (34... Qh8
$19 {[%csl Rg2][%cal Rh8h5,Rh5f3,Rh8h4]}) 35. Qb3 Ng4 $1 $19 {[%csl Rg2][%cal
Rb8h2]} 36. f4 (36. Qxd1 Qxh2+ 37. Kf1 Qxf2#) 36... exf3+ 37. Kxf3 Qxh2 {
[%csl Rf3] Weiß gab auf.} 0-1

[Event "Moscow Aeroflot op-A"]
[Site "Moscow"]
[Date "2006.02.15"]
[Round "8"]
[White "Jobava, Baadur"]
[Black "Alekseev, Evgeny V"]
[Result "1-0"]
[WhiteElo "2614"]
[BlackElo "2634"]
[Annotator "Ribli,Z"]
[PlyCount "85"]
[EventDate "2006.02.08"]
[EventType "swiss"]
[EventRounds "9"]
[EventCountry "RUS"]
[SourceTitle "CBM 112"]
[Source "ChessBase"]
[SourceDate "2006.06.07"]
[SourceVersion "1"]
[SourceVersionDate "2006.06.07"]
[SourceQuality "1"]

1. c4 c5 2. Nc3 g6 3. g3 Bg7 4. Bg2 {Diese symmetrische Variante ist
theoretisch nicht gefährlich für Schwarz, aber der georgische Großmeister
spielt sie gern und erfolgreich.} Nc6 5. Nf3 e6 {Eine elastische Fortsetzung,
wonach Schwarz seinen Königsspringer auf e7 entwickeln kann. Die Alternativen
sind 5...Nf6 und 5...e5.} 6. d3 Nge7 7. Bg5 {Mit diesem Zug möchte Weiß die
Antwort 7...h6 provozieren.} h6 8. Bd2 d5 9. a3 O-O 10. O-O b6 11. Rb1 Bb7 (
11... d4 $6 12. Na4 $16 {[%cal Gb2b4]}) (11... a5 $5) 12. Qc1 $5 {Hier sehen
wir die Idee des Zuges 7.Bg5: Weiß kann den Damenzug mit Tempo spielen.} Kh7
13. b4 cxb4 14. axb4 dxc4 (14... Qd7 15. b5 Nd8 16. c5 $1 bxc5 17. Na4 $14 c4
18. dxc4 dxc4 19. Nc5 Qc7 20. Qxc4 {1-0 Jobava,B-Kovacevic,A/Leon 2001/(27)})
15. dxc4 Qc8 (15... Rc8 16. Rd1 Qe8 17. c5 Nd8 18. Qa3 Ra8 19. b5 bxc5 20. Na4
$14 {0-1 Tadic,B-Ninov,N/Belgrade 2003/(35)}) 16. Ne4 Nf5 17. Bc3 $5 {[%mdl 4]}
e5 (17... Bxc3 $2 18. Qxc3 $18) (17... Qc7 $2 18. Nf6+ Bxf6 (18... Kh8 19. e4
Nfe7 20. Ne8 $1 $18) 19. Bxf6 $16) (17... Ncd4 $6 18. Nxd4 Bxd4 (18... Nxd4 19.
Bxd4 Bxd4 20. Nd6 $18) 19. e3 Bxc3 20. Qxc3 Bxe4 21. Bxe4 Rb8 22. Rfd1 $16) 18.
e3 $14 {[%cal Ge3d4] Auf diese Weise kontrolliert er das d4-Feld. Wegen seines
aktiveren Figurenspiels steht Weiß etwas besser.} Qc7 19. c5 {Ein üblicher
Plan in dieser Variante, Weiß mobilisiert seinen c-Bauern.} Nce7 (19... bxc5 $2
20. Nxc5 $16) 20. Qc2 Nd5 21. Bd2 (21. g4 $5 Nfxe3 (21... Nfe7 22. g5) 22. fxe3
Nxe3 23. Qe2 Nxf1 24. Rxf1 f6 (24... f5 $2 25. gxf5 gxf5 26. Nfg5+ hxg5 27.
Qh5+ Kg8 28. Nxg5 $18) 25. Nh4 $14) 21... a5 22. bxa5 bxa5 23. Rfd1 (23. g4
Nfe7 24. g5 $14) 23... Kg8 24. h4 (24. g4 $1 Nfe7 25. Nd6 Bc6 26. g5 $16) 24...
a4 25. h5 Kh8 26. Rbc1 (26. g4 Nfe7 27. Nd6 $16) 26... Qc6 27. g4 Nfe7 28. Nd6
{[%csl Gd6][%cal Gg2a8][%mdl 2048] Weiß besitzt das bessere Figurenspiel und
kontrolliert die wichtigsten Felder.} gxh5 29. gxh5 Bc8 30. e4 $1 Nf4 (30...
Nc7 31. Bxh6 Bxh6 32. Nxe5 Qa6 33. Nexf7+ $18) 31. Bxf4 exf4 32. e5 $16 {
[%csl Gg2][%cal Gg2a8]} Qa6 (32... Bh3 33. Bh1 (33. Bxh3 Qxf3 34. Bg2 Qg4)
33... Qa6 34. Nd4 Bxe5 35. Kh2 $16) 33. Nd4 $1 Bg4 (33... Bxe5 34. Qe4 $18 {
[%cal Rg2a8,Re4e5]}) 34. Re1 Rab8 (34... f3 35. Bxf3 Bxf3 36. Nxf3 Qc6 37. Nd4
$16) 35. Ra1 (35. Qc4 $1) 35... Qa5 (35... a3 36. Qc3 a2 37. Qc2) 36. c6 {
[%csl Gc6] Weiß kann nicht gut auf a4 nehmen, aber der Textzug ist stark.} Rb4
37. Qd2 Qb6 $2 (37... f3 38. Rab1 Rb5 39. Nxf3 Qxd2 40. Nxd2 Rxe5 41. Rxe5 Bxe5
42. N2c4 $14) 38. Nc2 {[%csl Ra4,Rb4,Rf4] Plötzlich befindet sich der schwarze
Turm in großer Not.} Rb2 (38... Rb3 39. Qxf4 Bxh5 40. Qxa4 $18 {[%csl Rb3,Gc6]}
) 39. Nc4 {[%cal Rc4b6,Rc4b2]} Rxc2 40. Qxc2 $18 {Mit einer Qualität mehr
steht Weiß auf Gewinn.} Qb3 41. Qxb3 (41. Qe4 $18) 41... axb3 42. Ra7 Nf5 43.
Re4 (43. Re4 Bxh5 44. Rxf4 $18) 1-0